000
00475nam a2200181Ia 4500
008
100917s9999 xx 000 0 und d
082
_b
50890
100
_a
जाधव टी. के.
245
_a
मुखवटा
260
_b
धारा प्रकाशन
_c
1982
300
_a
164
365
_b
25
520
_a
कादंबरी
630
_a
मुखवटा
650
_a
कादंबरी
730
_a
मुखवटा
942
_c
BOOK
999
_c
656284
_d
656281